Greatest NFL Rivalries - Statistics

General Stats
  • This quiz has been taken 328 times
  • The average score is 13 of 15
Answer Stats
Team Answer % Correct
Dallas Cowboys Philadelphia Eagles
94%
New York Giants Philadelphia Eagles
94%
Cleveland Browns Cincinnati Bengals
93%
Pittsburgh Steelers Baltimore Ravens
92%
Cleveland Browns Pittsburgh Steelers
92%
Green Bay Packers Chicago Bears
91%
Dallas Cowboys New York Giants
90%
New England Patriots New York Jets
90%
Green Bay Packers Minnesota Vikings
89%
Dallas Cowboys Washington Football Team
89%
Kansas City Chiefs Denver Broncos
88%
Oakland Raiders Denver Broncos
88%
Kansas City Cheifs Oakland Raiders
88%
San Francisco 49ers Los Angeles Rams
87%
Atlanta Falcons New Orleans Saints
86%
No matching quizzes found
Score Distribution
Percent of People with Each Score
Percentile by Number Answered
Your Score History
You have not taken this quiz